000 00399nam a22001337a 4500
005 20260206101052.0
008 260206b |||||||| |||| 00| 0 eng d
020 _a067508301X
100 _aUnger E.A & Ahmed Nasir
245 _aComputer Science Fundamentals
_c/Nasir Ahmed
260 _aUnited States of America;
_bBell & Howell Company;
_c1979.
300 _axii, 387p. ill;
_c26cm.
942 _2ddc
_cBK
_n0
999 _c145
_d145